| 000 | 00728nam a22003017a 4500 | ||
|---|---|---|---|
| 003 | OSt | ||
| 008 | 150515b xxu||||| |||| 00| 0 eng d | ||
| 100 | 1 | _aLindquist, H. L. | |
| 041 | _aeng | ||
| 050 | 0 | 0 | _a383.2135S |
| 245 | 1 | 0 | _aThe Stamp Specialist |
| 246 | 1 | 0 | _aGreen Book (Number 9) |
| 260 |
_aNew York, NY _bH. L. Lindquist |
||
| 300 | _a128 pages | ||
| 650 | 0 | _aGeneral | |
| 650 | 0 | _aUS 1898 Issue | |
| 650 | 0 | _aBrazil | |
| 650 | 0 | _aBrasil | |
| 650 | 0 | _aBulls Eyes | |
| 650 | 0 | _aPhilippine Islands | |
| 650 | 0 | _aGuadeloupe | |
| 650 | 0 | _aConfederate states | |
| 650 | 0 | _aSiam | |
| 650 | 0 | _aThailand | |
| 650 | 0 | _aEgypt | |
| 650 | 0 | _aUS Embossed Revenue Stamped Paper | |
| 650 | 0 | _aSwastika in Philately | |
| 999 |
_c1467 _d1467 |
||